| 000 | 00671nam a2200229Ia 4500 | ||
|---|---|---|---|
| 003 | OSt | ||
| 005 | 20220926005422.0 | ||
| 006 | a|||||r|||| 00| 0 | ||
| 007 | ta | ||
| 008 | 220923b |||||||| |||| 00| 0 eng d | ||
| 037 | _cGeneral Book | ||
| 040 |
_aRTL _cRTL _beng |
||
| 041 |
_2eng _aeng |
||
| 082 | _aY:1:(G:55), M2 | ||
| 100 | _aChattopadhyaya D P | ||
| 245 | 0 |
_aEnvironment evolution and values _b Studies in Man, Society and Science |
|
| 260 |
_a New Delhi _bSouth Asian _c1982 |
||
| 300 |
_a306p _ccm. |
||
| 500 | _aBibliography chapterwise | ||
| 942 |
_hY:1:(G:55), M2 _cGB _2CC |
||
| 999 |
_c613769 _d613769 |
||